Obálka Náhled e-knihy:
Epub
Pro půjčování e-knih musíte být přihlášeni.
Jak si půjčit online?

Evžen Oněgin /

Evžen Oněgin je vrcholné Puškinovo dílo. Je použita takzvaná oněginská sloka, skládající ze 14 veršů. Oněgin je zde ukázkou zbytečného člověka, cynika s pokřiveným pohledem na svět, od kterého je odtržen. Jeho protikladem je citově založená a naivní Taťána, dokud se v Petrohradě sama nestane chladno...

Celý popis

Uloženo v:
Hlavní autor: Puškin, Alexandr Sergejevič (Autor)
Médium: E-kniha
Jazyk:Czech
Vydáno: Praha : Artis, 2023
Tagy:
Žádné tagy
LEADER 02991nam a22002297i 4500
001 311808
007 ta
008 260601s2023 xr ||||| |||| 00| 0 cze d
020 |a 9990003663450 
044 |a xr 
100 1 |a  Puškin, Alexandr Sergejevič  |4 aut 
245 1 0 |a Evžen Oněgin /  |c  Puškin, Alexandr Sergejevič 
264 1 |a Praha :  |b Artis,  |c 2023 
300 |a 1 online zdroj (101 stran) 
336 |a text  |b txt  |2 rdacontent 
337 |a bez média  |b n  |2 rdamedia 
338 |a online zdroj  |b cr  |2 rdacarrier 
520 2 |a Evžen Oněgin je vrcholné Puškinovo dílo. Je použita takzvaná oněginská sloka, skládající ze 14 veršů. Oněgin je zde ukázkou zbytečného člověka, cynika s pokřiveným pohledem na svět, od kterého je odtržen. Jeho protikladem je citově založená a naivní Taťána, dokud se v Petrohradě sama nestane chladnou, jakým se zde předtím stal i Oněgin. Titulní postava románu, Evžen Oněgin – mladý floutek z vyšší společnosti, který tráví své petrohradské dny dílem v nečinnosti, dílem návštěvami různých plesů a večírků plných konvencí a přetvářky, opouští rušný společenský život velkoměsta, který ho již stejně nudil, a stěhuje se na venkovské sídlo, které zdědil po svém strýci. Jeho melancholie („chandra“) ho ale neopouští. Jedinou společností je mu básník Lenský. Ten ho seznámí s rodinou Larinů, chce mu totiž představit svou milou nastávající, Olgu. U nich potká Oněgin Taťánu, která se do něj osudově zamiluje. Taťána mu napíše dopis, kde se vyznává ze své lásky. Oněgin neodpovídá. Později se potkají a Oněgin Taťáně vysvětluje, že ji nechce, protože ví, že časem by jeho láska opadla a manželství by nebylo šťastné. Později je Lenským pozván k Larinovým na oslavu Taťánina svátku. Z večírku je ale otrávený, a tak se rozhodne vyjádřit svůj vzdor nešťastným způsobem – celý večer tančí s Olgou. Rozhněvaný Lenský vyzve Oněgina na souboj. V souboji je Lenský zabit. Po této nešťastné smrti bývalého přítele Oněgin uniká, putuje po Rusku. Nakonec zamíří zpět do Petrohradu (po 6 letech), kde potká Taťánu, nyní již manželku významného šlechtice (Oněginova bratrance) a jednu z vůdčích osobností společenské scény. Stala se z ní chladná zklamaná žena. Nyní se dvoří Oněgin jí. Napíše jí několik dopisů, zůstanou bez odpovědi. Nakonec vyznává lásku, ale Taťána, ačkoli jej dosud miluje, odmítá jeho city. Je vdaná za jiného a tomu chce zůstat věrná. 
910 |a RBIT002 
998 |d 366345  |a https://core.palmknihy.cz/api/books/366345/cover?ro1x0d  |b https://core.palmknihy.cz/api/books/366345/cover/400?ro1x0d  |c https://core.palmknihy.cz/api/books/366345/cover/50?ro1x0d  |e 2099-12-01  |g 101  |i 9990003663450  |j https://core.palmknihy.cz/api/books/366345/preview.epub  |l   |q 49  |r 1  |s https://www.palmknihy.cz/kniha/366345  |t ebook  |y 2023  |z 1 
999 |d 311806